000 00543nam a2200205Ia 4500
003 GCL
008 140319s9999 xx 000 0 eng d
040 _aGCL /
_cGCL
082 0 4 _a332.1
_bH T
100 1 _aHOLDEN, J.MILNES
245 1 0 _aTHE LAW AND PRACTICE OF BANKING: VOLUME 2: SECURITIES FOR BANKERS ADVANCES /
_cHOLDEN, J.MILNES
260 _a[S.N] :
_bELBS ،
_c1993
300 _a456 P
650 0 4 _aFINANCE
650 0 4 _aBUSINESS
650 0 4 _aBANKS AND BANKING
650 0 4 _aLAW
650 0 4 _aBUSINESS LAW
942 _2ddc
_cBK
999 _c19900
_d19900